| 000 | 00792cam a22002533a 4500 | ||
|---|---|---|---|
| 001 | 13368 | ||
| 003 | PGUSA | ||
| 005 | 20140828083304.0 | ||
| 008 | 040903s2004||||xxu|||||s|||||000 | eng d | ||
| 040 |
_aPGUSA _beng |
||
| 042 | _adc | ||
| 050 | 4 | _aDS | |
| 100 | 1 |
_aMcKenzie, Fred A. _q(Fred Arthur), _d1869-1931 |
|
| 245 | 1 | 0 |
_aKorea's Fight for Freedom _h[electronic resource] / _cFred A. McKenzie |
| 260 |
_bProject Gutenberg, _c2004 |
||
| 506 | _aPublic domain in the USA. | ||
| 516 | _aElectronic text | ||
| 653 | _aKorea -- History -- Japanese occupation, 1910-1945 | ||
| 653 | _aKorea -- History -- 1864-1910 | ||
| 653 | _aKorea -- History -- Independence movement, 1919 | ||
| 830 | 0 |
_aProject Gutenberg _v13368 |
|
| 856 | 4 | 0 | _uhttp://www.gutenberg.org/ebooks/13368 |
| 942 | _cEB | ||
| 999 |
_c242623 _d242623 |
||